000 01029njm a22002657a 4500
005 2010091601121.0
007 sd ammalaaahaa
008 100916t xxu||||| |||| 00| 0 hin d
028 _aECSD. 5573
_bHis Master's Voice
035 _aGR-02931
040 _aSED/VEN
100 _920257
_aKishore Kumar
245 _aAtithee /
_h[sound recording] :
_bby Kishore Kumar ; music by Kalyanji Anandji ; lyrics by Varma Malik
260 _aDum Dum India
_bHis Master's Voice
_c1978
300 _a1 sound disc [Gramophone record] :
_banalog, 33 1/3 rpm
_c12 in. (LP)
_fGramophone Record
500 _aBrief Record
500 _aHis Master's Voice
500 _aOrange
505 _aDekhore dekho band baje ke sath part 1 (Atithee) (Kishore Kumar) Kya karoon mujhko time nahin part 2 (Atithee) (Kishore Kumar)
650 _xExcerpts
_zIndia
_920258
_vFilmi Song
_aClassical Music
700 _920262
700 _920263
942 _2ddc
_cGR
999 _c46132
_d46132